000 00756nas a2200253 4500
001 BR7908761
003 BR-BrBNA
005 20231205084045.0
007 ta
008 230509b bl.|||p| |||| 00| 00por d
040 _aBR-BrBNA
_bpor
_cBiblioteca Nacional de Agricultura
041 _a(Pt)
072 _aS10
100 1 _aCarvalho, I.C. de
100 1 _aHuhn, S.
245 1 _aDistribuicao de nitrogenio no leite e indice de caseina
650 _aLEITE
650 _aNITROGENIO
650 _aCASEINA
650 _aANALISE DE ALIMENTO
773 0 _tRevista do Instituto de Laticinios Candido Tostes (Brazil)
_xISSN 0100-3674
_g(Jan-Feb 1979), v. 34(201) p. 19-28
_wBR7908761
909 _a202311
_bLúcia
_c55
_dLúcia Elande
942 _2AGRIS
_n0
_cANA
999 _c102861
_d102861